| 000 | 02170nam a22002777a 4500 | ||
|---|---|---|---|
| 999 |
_c21752 _d21752 |
||
| 003 | AR-CdUCM | ||
| 008 | 190425b ||||| |||| 00| 0 spa d | ||
| 040 |
_aMUNICIPALIDAD PROVINCIAL DEL CUSCO _cBIBLIOTECA MUNICIPAL DEL CUSCO |
||
| 082 | _aRev.Univ/N°98/1950 | ||
| 110 |
_aUniversidad Nacional de San Antonio Abad del Cusco _915942 |
||
| 245 |
_aRevista Universitaria : _bÓrgano de la Universidad del Cuzco / |
||
| 260 |
_aCusco : _bH.G. Rozas, _c1950. |
||
| 300 |
_a444 páginas. : _c20 cm. |
||
| 440 |
_aRevista Universitaria _nAño XXXVIII, 1° semestre 1950, N°98. _945966 |
||
| 505 | _aContenido: El terremoto del Cuzco la visita del presidente de la República General Odría y sus ministros. -- Fundación de extensión social que compete a la Universidad en aplicaciones de la psicotecnia. Rafael Calderón Peñaylillo. -- La arquitectura peruana. Charles Wiener. -- El ejercicio de la Medicina durante los siglos XVI, XVII y XVIII. Juan B, Lastres. -- La estadística en el imperio de los incas. Jorge Guillermo Llosa. -- Lecciones de Quechua Qheswa. Andrés Alencastre G. -- Cultivo cosecha y beneficio de la caña. Alfredo Bustamante Chávez. -- El mineral de Hualgayoc a fines del siglo XVIII. Horacio Villanueva Urteaga. -- El terremoto del Cuzco. Horacio Villanueva Urteaga. -- El problema del cocaismo y la escuela rural. Benjamín Rojas Díaz. -- Elogio de San Martín. José Gabriel Cosio. -- Humanismo, Ciencia y conocimiento. Raúl Vallejos. -- Hay dos poema. Gabriela Mistral. -- Los fundamentos del profetismo histórico de Spengler. M. Astete Abril. -- El Perú de los Incas el Tahuantinsuyo. Luis Eduardo Enríquez. -- Homenaje al prócer Tupac Amaru discurso. José Gabriel Cosio. -- Las Universidades del Cusco y México fraternizan. | ||
| 650 |
_aTerremoto del Cusco _945967 |
||
| 650 |
_aArquitectura peruana _918619 |
||
| 650 |
_aHistoria Medicina _945968 |
||
| 650 |
_aCoca _921158 |
||
| 650 |
_aEstadística Inka _945969 |
||
| 700 |
_aCornejo Bouroncle, Jorge _915278 |
||
| 700 |
_aVillanueva Urteaga, Horacio _95790 |
||
| 710 |
_aUniversidad Nacional de San Antonio Abad del Cusco _915942 |
||
| 942 |
_2ddc _cPP |
||
| 945 | _arac | ||